[Event "HUN-chT2 Toth 2324"]
[Site "Hungary"]
[Date "2024.05.12"]
[Round "9.1"]
[White "Restas, Peter"]
[Black "Samu, Gabor Jr"]
[Result "1/2-1/2"]
[WhiteElo "2041"]
[BlackElo "2328"]
[PlyCount "42"]
[EventDate "2023.10.08"]
[EventType "team-tourn"]
[EventRounds "9"]
[EventCountry "HUN"]
[SourceTitle "EXT 2025"]
[Source "ChessBase"]
[SourceDate "2024.10.14"]
[SourceVersion "1"]
[SourceVersionDate "2024.10.14"]
[SourceQuality "1"]
[WhiteTeam "Mako Duocor II"]
[BlackTeam "Bekes"]
[WhiteTeamCountry "HUN"]
[BlackTeamCountry "HUN"]

1. d4 d5 2. c4 c6 3. Nc3 Nf6 4. cxd5 cxd5 5. Bf4 Nc6 6. e3 a6 7. Bd3 e6 8. Rc1 Bd7 9. h3 Rc8 10. Nf3 Be7 11. 0-0 0-0 12. Qe2 Re8 13. a3 h6 14. e4 dxe4 15. Nxe4 Nxe4 16. Bxe4 Qa5 17. Rfd1 Qb5 18. Qxb5 axb5 19. Ne5 Red8 20. Nxd7 Rxd7 21. d5 Rcd8 1/2-1/2

[Event "HUN-chT2 Toth 2324"]
[Site "Hungary"]
[Date "2024.04.21"]
[Round "8.3"]
[White "Megyaszai, Balazs"]
[Black "Restas, Peter"]
[Result "1/2-1/2"]
[WhiteElo "2044"]
[BlackElo "2033"]
[PlyCount "65"]
[EventDate "2023.10.08"]
[EventType "team-tourn"]
[EventRounds "9"]
[EventCountry "HUN"]
[SourceTitle "EXT 2025"]
[Source "ChessBase"]
[SourceDate "2024.10.14"]
[SourceVersion "1"]
[SourceVersionDate "2024.10.14"]
[SourceQuality "1"]
[WhiteTeam "Szeged Maroczy II"]
[BlackTeam "Mako Duocor II"]
[WhiteTeamCountry "HUN"]
[BlackTeamCountry "HUN"]

1. e4 c5 2. Nf3 d6 3. d4 cxd4 4. Nxd4 Nf6 5. Nc3 a6 6. Bc4 e6 7. Bb3 b5 8. 0-0 Be7 9. a3 0-0 10. f4 Bb7 11. Qf3 Nbd7 12. f5 e5 13. Nde2 Rc8 14. Bg5 a5 15. Rad1 b4 16. axb4 axb4 17. Bxf6 Nxf6 18. Nd5 Bxd5 19. exd5 Qb6+ 20. Kh1 h5 21. Ng3 g6 22. h3 Kg7 23. Ne4 Nxe4 24. Qxe4 g5 25. f6+ Bxf6 26. Bc4 Rh8 27. Qf5 Qd8 28. Bd3 Rc7 29. Rf2 e4 30. Qxe4 Bxb2 31. Rdf1 Rh6 32. Qxb4 Be5 33. Qe4 1/2-1/2

[Event "HUN-chT2 Toth 2223"]
[Site "Hungary"]
[Date "2023.02.19"]
[Round "8.3"]
[White "Berczi, Peter"]
[Black "Restas, Peter"]
[Result "0-1"]
[WhiteElo "1840"]
[BlackElo "1961"]
[PlyCount "68"]
[EventDate "2022.10.16"]
[EventType "team-tourn"]
[EventRounds "11"]
[EventCountry "HUN"]
[SourceTitle "EXT 2025"]
[Source "ChessBase"]
[SourceDate "2024.10.14"]
[SourceVersion "1"]
[SourceVersionDate "2024.10.14"]
[SourceQuality "1"]
[WhiteTeam "Meritum II"]
[BlackTeam "Mako Duocor II"]
[WhiteTeamCountry "HUN"]
[BlackTeamCountry "HUN"]

1. e4 c5 2. Nf3 d6 3. d4 cxd4 4. Nxd4 Nf6 5. Nc3 a6 6. Bg5 e6 7. f4 Nbd7 8. Qf3 Qc7 9. 0-0-0 b5 10. e5 Bb7 11. Qh3 dxe5 12. Nxe6 fxe6 13. Qxe6+ Be7 14. Bxb5 axb5 15. Nxb5 Qc6 16. Nd6+ Kd8 17. fxe5 Kc7 18. Qxe7 Rxa2 19. exf6 Ra1+ 20. Kd2 Qd5+ 21. Kc3 Rxd1 22. Rxd1 Qxd1 23. fxg7 Rg8 24. Nb5+ Kc8 25. Bf4 Bxg2 26. Nd6+ Kb8 27. Qxd7 Qf3+ 28. Kb4 Qxf4+ 29. c4 Qd2+ 30. Ka3 Qa5+ 31. Kb3 Qa7 32. Qb5+ Ka8 33. Kc3 Qxg7+ 34. Kd2 Qd4+ 0-1

[Event "HUN-chT 2122"]
[Site "Hungary"]
[Date "2022.01.30"]
[Round "5.12"]
[White "Restas, Peter"]
[Black "Gombocz, Ferenc Jr"]
[Result "0-1"]
[WhiteElo "2095"]
[BlackElo "2202"]
[PlyCount "72"]
[EventDate "2021.10.10"]
[EventType "team-tourn"]
[EventRounds "9"]
[EventCountry "HUN"]
[SourceTitle "EXT 2023"]
[Source "ChessBase"]
[SourceDate "2022.10.05"]
[SourceVersion "1"]
[SourceVersionDate "2022.10.05"]
[SourceQuality "1"]
[WhiteTeam "Mako Duocor"]
[BlackTeam "Tungsram ANSK"]
[WhiteTeamCountry "HUN"]
[BlackTeamCountry "HUN"]

1. c4 c5 2. Nc3 Nc6 3. g3 g6 4. Bg2 Bg7 5. e3 e5 6. Nge2 Nge7 7. d3 d6 8. 0-0 0-0 9. Rb1 Be6 10. Nd5 Rb8 11. Qd2 b5 12. b3 Qd7 13. Re1 f5 14. f4 bxc4 15. dxc4 e4 16. Nec3 Nb4 17. Nxb4 cxb4 18. Ne2 d5 19. Bb2 dxc4 20. Qxd7 Bxd7 21. Bxg7 Kxg7 22. bxc4 Be6 23. Nd4 Bxc4 24. Bf1 Rfc8 25. Bxc4 Rxc4 26. Rb3 a5 27. a3 Nd5 28. axb4 a4 29. Ra3 Rbxb4 30. Rea1 Nxe3 31. Ne6+ Kf6 32. Ng5 Nc2 33. Rd1 Ke7 34. Ra2 h6 35. Nh3 Nd4 36. Kh1 Rc2 0-1

[Event "HUN-chT 1920"]
[Site "Hungary"]
[Date "2020.08.30"]
[Round "8.12"]
[White "Ruck, Tamas"]
[Black "Restas, Peter"]
[Result "1/2-1/2"]
[WhiteElo "2337"]
[BlackElo "2125"]
[PlyCount "39"]
[EventDate "2019.11.16"]
[EventType "team-tourn"]
[EventRounds "9"]
[EventCountry "HUN"]
[SourceTitle "EXT 2021"]
[Source "ChessBase"]
[SourceDate "2020.10.23"]
[SourceVersion "1"]
[SourceVersionDate "2020.10.23"]
[SourceQuality "1"]
[WhiteTeam "HVSE Infraplan"]
[BlackTeam "Mako Duocor"]
[WhiteTeamCountry "HUN"]
[BlackTeamCountry "HUN"]

1. e4 c5 2. Nf3 d6 3. d4 cxd4 4. Nxd4 Nf6 5. Nc3 a6 6. Bg5 e6 7. Qf3 Nbd7 8. 0-0-0 Qc7 9. Qg3 b5 10. Bxb5 axb5 11. Ndxb5 Qb7 12. Rxd6 Nxe4 13. Nc7+ Qxc7 14. Rxe6+ fxe6 15. Qxc7 Nxg5 16. Qc6 Rb8 17. f4 Be7 18. fxg5 Bxg5+ 19. Kb1 0-0 20. Ne4 1/2-1/2

[Event "HUN-chT2 Toth 1819"]
[Site "Hungary"]
[Date "2019.03.10"]
[Round "9.4"]
[White "Visnyei, Illes"]
[Black "Restas, Peter"]
[Result "1-0"]
[WhiteElo "1984"]
[BlackElo "2141"]
[PlyCount "107"]
[EventDate "2018.09.23"]
[EventType "team-tourn"]
[EventRounds "11"]
[EventCountry "HUN"]
[SourceTitle "EXT 2021"]
[Source "ChessBase"]
[SourceDate "2020.10.23"]
[SourceVersion "1"]
[SourceVersionDate "2020.10.23"]
[SourceQuality "1"]
[WhiteTeam "Bekes"]
[BlackTeam "Mako Duocor II"]
[WhiteTeamCountry "HUN"]
[BlackTeamCountry "HUN"]

1. d4 Nf6 2. e3 g6 3. Bd3 Bg7 4. Nd2 0-0 5. c3 d6 6. f4 e5 7. Ngf3 Re8 8. fxe5 Ng4 9. e4 dxe5 10. d5 Nd7 11. Qe2 c6 12. h3 Ngf6 13. dxc6 bxc6 14. g4 Nc5 15. Bc2 h5 16. g5 Nh7 17. Nb3 Ne6 18. h4 a5 19. Be3 Bf8 20. Nxe5 Bd6 21. 0-0-0 Ba6 22. Qf2 Bxe5 23. Rxd8 Rexd8 24. Nc5 Nxc5 25. Bxc5 Bc4 26. Bb3 Bxb3 27. axb3 a4 28. bxa4 Rxa4 29. Rf1 Rd7 30. Bb4 Ra1+ 31. Kc2 Rxf1 32. Qxf1 Nf8 33. Qc4 Rc7 34. Bxf8 Kxf8 35. Qc5+ Re7 36. Qxc6 Bg3 37. Qc8+ Kg7 38. Qh3 Be5 39. Qd3 f6 40. Qd8 Kf7 41. c4 fxg5 42. hxg5 h4 43. Qd5+ Kg7 44. Qc5 Kf7 45. Qe3 Rb7 46. b3 Kg7 47. Qh3 Bg3 48. e5 Bxe5 49. Qxh4 Ra7 50. Qe4 Re7 51. c5 Kf7 52. b4 Bc7 53. Qf3+ Kg8 54. Qf6 1-0

[Event "HUN-chT2 Toth 1819"]
[Site "Hungary"]
[Date "2019.01.27"]
[Round "6.2"]
[White "Restas, Peter"]
[Black "Papp, Bence"]
[Result "1/2-1/2"]
[WhiteElo "2141"]
[BlackElo "2061"]
[PlyCount "96"]
[EventDate "2018.09.23"]
[EventType "team-tourn"]
[EventRounds "11"]
[EventCountry "HUN"]
[SourceTitle "EXT 2021"]
[Source "ChessBase"]
[SourceDate "2020.10.23"]
[SourceVersion "1"]
[SourceVersionDate "2020.10.23"]
[SourceQuality "1"]
[WhiteTeam "Mako Duocor II"]
[BlackTeam "Szeged Meritum"]
[WhiteTeamCountry "HUN"]
[BlackTeamCountry "HUN"]

1. d4 f5 2. c4 Nf6 3. g3 g6 4. Bg2 Bg7 5. Nc3 0-0 6. Nf3 d6 7. 0-0 c6 8. d5 e5 9. dxe6 Bxe6 10. b3 Re8 11. Bb2 Na6 12. Nd4 Qc7 13. Rc1 Nc5 14. b4 Nce4 15. Nd5 Bxd5 16. cxd5 Nxd5 17. Nb5 Qd7 18. Bxg7 Kxg7 19. Qd4+ Ndf6 20. f3 Ng5 21. Qxd6 Rxe2 22. Qxd7+ Nxd7 23. Rfd1 Nf6 24. Nd6 Rb8 25. h4 Nf7 26. Bf1 Re7 27. b5 cxb5 28. Rc8 Rxc8 29. Nxc8 Re3 30. Kf2 Ra3 31. Rd2 b4 32. Bc4 Rc3 33. Bxf7 Rxc8 34. Bb3 a5 35. Rd6 b5 36. Rb6 a4 37. Be6 Rc2+ 38. Ke3 Rc3+ 39. Kf2 Rc5 40. Rb7+ Kh6 41. g4 fxg4 42. fxg4 Nxg4+ 43. Bxg4 Rc2+ 44. Kg3 Rxa2 45. Be6 Rd2 46. Bg8 Rd3+ 47. Kg4 Rd4+ 48. Kg3 Rd3+ 1/2-1/2

[Event "HUN-chT2 Toth 1718"]
[Site "Hungary"]
[Date "2018.05.06"]
[Round "11.1"]
[White "Gyori, Szabolcs"]
[Black "Restas, Peter"]
[Result "1/2-1/2"]
[WhiteElo "2135"]
[BlackElo "2179"]
[PlyCount "23"]
[EventDate "2017.09.24"]
[EventType "team-tourn"]
[EventRounds "11"]
[EventCountry "HUN"]
[SourceTitle "EXT 2021"]
[Source "ChessBase"]
[SourceDate "2020.10.23"]
[SourceVersion "1"]
[SourceVersionDate "2020.10.23"]
[SourceQuality "1"]
[WhiteTeam "Oroshaza"]
[BlackTeam "Mako Duocor II"]
[WhiteTeamCountry "HUN"]
[BlackTeamCountry "HUN"]

1. d4 c5 2. e3 d5 3. Nf3 Nc6 4. b3 g6 5. Bb2 Bg7 6. Be2 e6 7. 0-0 Nge7 8. Nbd2 0-0 9. Qc1 cxd4 10. Nxd4 e5 11. Nxc6 Nxc6 12. Nf3 1/2-1/2

[Event "HUN-chT2 Toth 1718"]
[Site "Hungary"]
[Date "2018.03.04"]
[Round "9.3"]
[White "Donko, Matyas"]
[Black "Restas, Peter"]
[Result "0-1"]
[WhiteElo "1932"]
[BlackElo "2179"]
[PlyCount "58"]
[EventDate "2017.09.24"]
[EventType "team-tourn"]
[EventRounds "11"]
[EventCountry "HUN"]
[SourceTitle "EXT 2021"]
[Source "ChessBase"]
[SourceDate "2020.10.23"]
[SourceVersion "1"]
[SourceVersionDate "2020.10.23"]
[SourceQuality "1"]
[WhiteTeam "Kecskemet Takisz"]
[BlackTeam "Mako Duocor II"]
[WhiteTeamCountry "HUN"]
[BlackTeamCountry "HUN"]

1. e4 c5 2. Nf3 d6 3. d4 cxd4 4. Nxd4 Nf6 5. Nc3 a6 6. Bg5 e6 7. f4 Nbd7 8. Qe2 Qc7 9. g4 Nb6 10. Bg2 e5 11. Nf5 Be6 12. 0-0-0 Nfd7 13. Ne3 h6 14. Bh4 exf4 15. Ned5 Bxd5 16. Nxd5 Nxd5 17. Rxd5 Ne5 18. Rhd1 Rc8 19. Bf2 f3 20. Rxe5+ dxe5 21. Bxf3 Bc5 22. Bg3 0-0 23. Kb1 f6 24. h4 Qb6 25. g5 Bd4 26. c3 Rxc3 27. gxh6 Rxf3 28. Rxd4 Qxd4 29. Qxf3 Rd8 0-1

[Event "HUN-chT2 Toth 1718"]
[Site "Hungary"]
[Date "2017.12.17"]
[Round "6.3"]
[White "Restas, Peter"]
[Black "Retkes, Peter"]
[Result "1/2-1/2"]
[WhiteElo "2179"]
[BlackElo "2060"]
[PlyCount "36"]
[EventDate "2017.09.24"]
[EventType "team-tourn"]
[EventRounds "11"]
[EventCountry "HUN"]
[SourceTitle "EXT 2021"]
[Source "ChessBase"]
[SourceDate "2020.10.23"]
[SourceVersion "1"]
[SourceVersionDate "2020.10.23"]
[SourceQuality "1"]
[WhiteTeam "Mako Duocor II"]
[BlackTeam "Szeged Meritum"]
[WhiteTeamCountry "HUN"]
[BlackTeamCountry "HUN"]

1. c4 Nf6 2. Nc3 e5 3. Nf3 Nc6 4. e3 Bb4 5. Qb3 Bxc3 6. bxc3 0-0 7. d4 Re8 8. Be2 d6 9. 0-0 Rb8 10. Ba3 Bg4 11. h3 Bh5 12. Rfe1 Qc8 13. Rad1 e4 14. Nd2 Bxe2 15. Rxe2 Qf5 16. Qb5 Qg6 17. c5 a6 18. Qa4 Qh5 1/2-1/2

[Event "HUN-chT2 Toth 1617"]
[Site "Hungary"]
[Date "2017.02.26"]
[Round "9.2"]
[White "Restas, Peter"]
[Black "Egyed, Judit"]
[Result "1/2-1/2"]
[WhiteElo "2135"]
[BlackElo "2039"]
[PlyCount "89"]
[EventDate "2016.09.25"]
[EventType "team-tourn"]
[EventRounds "11"]
[EventCountry "HUN"]
[SourceTitle "EXT 2021"]
[Source "ChessBase"]
[SourceDate "2020.10.23"]
[SourceVersion "1"]
[SourceVersionDate "2020.10.23"]
[SourceQuality "1"]
[WhiteTeam "Mako Duocor II"]
[BlackTeam "Karcag"]
[WhiteTeamCountry "HUN"]
[BlackTeamCountry "HUN"]

1. e4 d6 2. d4 Nf6 3. Nc3 g6 4. g3 Bg7 5. Bg2 0-0 6. Nge2 e5 7. 0-0 Nc6 8. h3 Re8 9. Be3 exd4 10. Nxd4 Bd7 11. a4 Nxd4 12. Bxd4 c5 13. Be3 Bc6 14. Qd3 Re6 15. Rfe1 a6 16. Rad1 Qe8 17. Nd5 Bxd5 18. exd5 Re7 19. b3 b5 20. Bd2 Raa7 21. Rxe7 Rxe7 22. axb5 axb5 23. Bf1 Ne4 24. Qxb5 Qxb5 25. Bxb5 Bd4 26. Be1 Re5 27. Kg2 Bxf2 28. Bxf2 Nc3 29. Ra1 Nxb5 30. Ra6 Re2 31. c4 Nc3 32. Kf3 Rb2 33. Rb6 f5 34. g4 Ne4 35. Be3 Rh2 36. gxf5 gxf5 37. b4 Rxh3+ 38. Kf4 cxb4 39. Rxb4 Kf7 40. Rb6 h6 41. Bd4 Rh4+ 42. Ke3 Rh3+ 43. Kf4 Rh4+ 44. Ke3 Rh3+ 45. Kf4 1/2-1/2

[Event "HUN-chT2 Toth 1617"]
[Site "Hungary"]
[Date "2016.09.25"]
[Round "1.4"]
[White "Kiss, Balazs Janos"]
[Black "Restas, Peter"]
[Result "0-1"]
[WhiteElo "1965"]
[BlackElo "2135"]
[PlyCount "74"]
[EventDate "2016.09.25"]
[EventType "team-tourn"]
[EventRounds "11"]
[EventCountry "HUN"]
[SourceTitle "EXT 2021"]
[Source "ChessBase"]
[SourceDate "2020.10.23"]
[SourceVersion "1"]
[SourceVersionDate "2020.10.23"]
[SourceQuality "1"]
[WhiteTeam "Szeged Meritum"]
[BlackTeam "Mako Duocor II"]
[WhiteTeamCountry "HUN"]
[BlackTeamCountry "HUN"]

1. d4 c5 2. c3 e6 3. Nf3 Nf6 4. Bg5 Qb6 5. Qb3 Ne4 6. Qxb6 axb6 7. Nbd2 Nxg5 8. Nxg5 d5 9. e3 Nc6 10. f4 Bd6 11. g3 Bd7 12. Bd3 f6 13. Ngf3 c4 14. Bc2 b5 15. e4 b4 16. 0-0 b5 17. f5 exf5 18. e5 fxe5 19. Nxe5 Nxe5 20. dxe5 Bc5+ 21. Kg2 bxc3 22. bxc3 0-0 23. Nf3 Rfe8 24. Rfd1 Be6 25. Ng5 Bd7 26. Nf3 Bc6 27. Bxf5 Ra3 28. Nd4 Bxd4 29. cxd4 g6 30. Bg4 Rea8 31. Be6+ Kg7 32. Rf1 Rxa2+ 33. Rxa2 Rxa2+ 34. Kh3 Ra7 35. Rb1 c3 36. Kg2 b4 37. Rxb4 c2 0-1

[Event "HUN-chT2 Toth 1516"]
[Site "Hungary"]
[Date "2016.03.20"]
[Round "9.1"]
[White "Emodi, Gyula"]
[Black "Restas, Peter"]
[Result "1/2-1/2"]
[WhiteElo "2208"]
[BlackElo "2218"]
[PlyCount "68"]
[EventDate "2015.09.13"]
[EventType "team-tourn"]
[EventRounds "11"]
[EventCountry "HUN"]
[SourceTitle "EXT 2017"]
[Source "ChessBase"]
[SourceDate "2016.10.25"]
[SourceVersion "1"]
[SourceVersionDate "2016.10.25"]
[SourceQuality "1"]
[WhiteTeam "Gyula"]
[BlackTeam "Mako SVSE II"]
[WhiteTeamCountry "HUN"]
[BlackTeamCountry "HUN"]

1. e4 c5 2. c3 d5 3. d3 Nc6 4. Nd2 e6 5. Be2 Nf6 6. Ngf3 Be7 7. 0-0 0-0 8. e5 Nd7 9. d4 f6 10. exf6 Bxf6 11. Bd3 e5 12. dxe5 Ndxe5 13. Nxe5 Nxe5 14. Bb1 Bg4 15. Qc2 g6 16. Nb3 Qd6 17. f4 Nc4 18. Qf2 d4 19. Bd3 b5 20. cxd4 cxd4 21. Qg3 Bd7 22. f5 Qxg3 23. hxg3 Bxf5 24. Bxf5 gxf5 25. Bh6 Ne3 26. Bxf8 Nxf1 27. Rxf1 Rxf8 28. Rxf5 a6 29. Rd5 d3 30. Nc5 Bxb2 31. Nxa6 Ra8 32. Nb4 Bc3 33. Nxd3 b4 34. Rb5 Rxa2 1/2-1/2

[Event "HUN-chT2 Toth 1516"]
[Site "Hungary"]
[Date "2015.12.06"]
[Round "6.1"]
[White "Restas, Peter"]
[Black "Samu, Gabor Jr"]
[Result "0-1"]
[WhiteElo "2218"]
[BlackElo "2231"]
[PlyCount "74"]
[EventDate "2015.09.13"]
[EventType "team-tourn"]
[EventRounds "11"]
[EventCountry "HUN"]
[SourceTitle "CBM 170 Extra"]
[Source "ChessBase"]
[SourceDate "2016.02.25"]
[SourceVersion "1"]
[SourceVersionDate "2016.02.25"]
[SourceQuality "1"]
[WhiteTeam "Mako SVSE II"]
[BlackTeam "Bekes"]
[WhiteTeamCountry "HUN"]
[BlackTeamCountry "HUN"]

1. c4 e5 2. Nc3 Nc6 3. g3 g6 4. Bg2 Bg7 5. e3 d6 6. Nge2 Nge7 7. 0-0 0-0 8. d3 Bg4 9. f3 Be6 10. e4 Nd4 11. Be3 c6 12. Qd2 a6 13. b3 b5 14. Rf2 Bd7 15. Bh6 Bxh6 16. Qxh6 Qb6 17. Qd2 Kg7 18. Nxd4 exd4 19. Ne2 bxc4 20. dxc4 c5 21. Nf4 a5 22. Rb1 Rfb8 23. Nd3 a4 24. b4 cxb4 25. Rxb4 Qa5 26. Rxb8 Qxd2 27. Rxd2 Rxb8 28. c5 Rb1+ 29. Kf2 dxc5 30. Nxc5 Bb5 31. f4 a3 32. Nb3 Bc4 33. Nxd4 Bxa2 34. Bf1 Rb2 35. Ke3 Bb1 36. Rxb2 axb2 37. Nb5 Bxe4 0-1

[Event "HUN-chT2 Toth 1415"]
[Site "Hungary"]
[Date "2015.04.26"]
[Round "11.1"]
[White "Farkas, Tibor"]
[Black "Restas, Peter"]
[Result "1/2-1/2"]
[WhiteElo "2240"]
[BlackElo "2222"]
[PlyCount "36"]
[EventDate "2014.09.07"]
[EventType "team-tourn"]
[EventRounds "11"]
[EventCountry "HUN"]
[SourceTitle "EXT 2016"]
[Source "ChessBase"]
[SourceDate "2015.10.08"]
[SourceVersion "1"]
[SourceVersionDate "2015.10.08"]
[SourceQuality "1"]
[WhiteTeam "Felegyhaza Csongrad"]
[BlackTeam "Mako II"]
[WhiteTeamCountry "HUN"]
[BlackTeamCountry "HUN"]

1. e4 c5 2. Nf3 d6 3. d4 cxd4 4. Nxd4 Nf6 5. Nc3 a6 6. f3 e5 7. Nb3 Be6 8. Be3 Be7 9. Qd2 0-0 10. 0-0-0 Nbd7 11. g4 b5 12. g5 b4 13. Ne2 Ne8 14. f4 a5 15. f5 a4 16. fxe6 axb3 17. exf7+ Rxf7 18. Kb1 bxc2+ 1/2-1/2

[Event "HUN-chT2 Toth 1415"]
[Site "Hungary"]
[Date "2015.03.01"]
[Round "9.1"]
[White "Restas, Peter"]
[Black "Csuri, Laszlo"]
[Result "1/2-1/2"]
[WhiteElo "2222"]
[BlackElo "1977"]
[PlyCount "44"]
[EventDate "2014.09.07"]
[EventType "team-tourn"]
[EventRounds "11"]
[EventCountry "HUN"]
[SourceTitle "EXT 2016"]
[Source "ChessBase"]
[SourceDate "2015.10.08"]
[SourceVersion "1"]
[SourceVersionDate "2015.10.08"]
[SourceQuality "1"]
[WhiteTeam "Mako II"]
[BlackTeam "Roszke"]
[WhiteTeamCountry "HUN"]
[BlackTeamCountry "HUN"]

1. g3 e6 2. Bg2 f5 3. d3 d5 4. Nd2 Nf6 5. Nh3 Be7 6. 0-0 0-0 7. e4 c6 8. exf5 exf5 9. c3 Na6 10. Nf3 Nc7 11. Re1 Be6 12. Nd4 Bd7 13. Bf4 Bc5 14. Nb3 Bb6 15. c4 Ne6 16. Bd6 Re8 17. c5 Bc7 18. Bxc7 Qxc7 19. Qd2 h6 20. Qc3 f4 21. Nd4 Nxd4 22. Qxd4 Rxe1+ 1/2-1/2

[Event "HUN-chT2 Toth 1415"]
[Site "Hungary"]
[Date "2015.02.08"]
[Round "8.1"]
[White "Samu, Gabor Jr"]
[Black "Restas, Peter"]
[Result "1/2-1/2"]
[WhiteElo "2013"]
[BlackElo "2222"]
[PlyCount "51"]
[EventDate "2014.09.07"]
[EventType "team-tourn"]
[EventRounds "11"]
[EventCountry "HUN"]
[SourceTitle "EXT 2016"]
[Source "ChessBase"]
[SourceDate "2015.10.08"]
[SourceVersion "1"]
[SourceVersionDate "2015.10.08"]
[SourceQuality "1"]
[WhiteTeam "Bekes"]
[BlackTeam "Mako II"]
[WhiteTeamCountry "HUN"]
[BlackTeamCountry "HUN"]

1. d4 e6 2. c4 c5 3. d5 exd5 4. cxd5 d6 5. Nc3 g6 6. e4 a6 7. a4 Bg7 8. Nf3 Bg4 9. Be2 Bxf3 10. Bxf3 Nd7 11. 0-0 Ngf6 12. a5 0-0 13. Bf4 Qc7 14. Rc1 Rfe8 15. Qa4 Ne5 16. Be2 b5 17. axb6 Qxb6 18. Qc2 Nfd7 19. Be3 Nf6 20. h3 Ra7 21. Ra1 Ned7 22. Rfe1 a5 23. Qa4 Rea8 24. Nb5 Ra6 25. Na3 R6a7 26. Nb5 1/2-1/2

[Event "HUN-chT2 Toth 1415"]
[Site "Hungary"]
[Date "2014.11.16"]
[Round "4.1"]
[White "Horvath, Jozsef"]
[Black "Restas, Peter"]
[Result "1/2-1/2"]
[WhiteElo "2114"]
[BlackElo "2222"]
[PlyCount "158"]
[EventDate "2014.09.07"]
[EventType "team-tourn"]
[EventRounds "11"]
[EventCountry "HUN"]
[SourceTitle "EXT 2016"]
[Source "ChessBase"]
[SourceDate "2015.10.08"]
[SourceVersion "1"]
[SourceVersionDate "2015.10.08"]
[SourceQuality "1"]
[WhiteTeam "Takisz"]
[BlackTeam "Mako II"]
[WhiteTeamCountry "HUN"]
[BlackTeamCountry "HUN"]

1. c4 Nf6 2. g3 e5 3. Bg2 d5 4. cxd5 Nxd5 5. Qb3 Nb6 6. Nc3 Be7 7. d3 c6 8. Nf3 Be6 9. Qc2 N8d7 10. 0-0 f5 11. e4 0-0 12. d4 fxe4 13. Nxe5 Nxe5 14. dxe5 Qd3 15. Bxe4 Qxc2 16. Bxc2 Bc5 17. Bf4 Nc4 18. Bb3 b5 19. Rfe1 Rae8 20. Bxc4 Bxc4 21. b3 Bd4 22. Rac1 Bxc3 23. Rxc3 Bd5 24. Bc1 Rf3 25. Rxf3 Bxf3 26. e6 Bd5 27. e7 a5 28. Bf4 Kf7 29. Bd6 a4 30. bxa4 bxa4 31. a3 Ra8 32. Bc7 Ke8 33. Bd6 Kd7 34. Bc5 Rb8 35. Bd4 Re8 36. Bc5 Rb8 37. h3 h5 38. Bb4 Be6 39. Kh2 g6 40. Re5 Bd5 41. g4 hxg4 42. hxg4 Rh8+ 43. Kg3 Ke8 44. Re1 Rh1 45. Re5 Rh8 46. Re3 Rh7 47. Rc3 Rf7 48. Bc5 g5 49. Re3 Rf4 50. Re5 Rf3+ 51. Kh2 Rc3 52. Bd6 Rf3 53. Bc5 Rc3 54. Bb4 Rf3 55. Rxg5 Rxf2+ 56. Kg1 Rf4 57. Bd6 Rf6 58. Bc5 Bf7 59. Re5 Be6 60. g5 Rf5 61. Rxf5 Bxf5 62. Kf2 Kf7 63. Ke3 Bg6 64. Kd4 Ke6 65. Kc4 Be8 66. Kd4 Bg6 67. Kc4 Be8 68. Kb4 Kd5 69. Be3 Kd6 70. Kxa4 Kxe7 71. Ka5 Kd8 72. Kb6 Kc8 73. Ka7 c5 74. Bxc5 Kc7 75. Be3 Kc6 76. a4 Bg6 77. a5 Kb5 78. Bd2 Be4 79. Kb8 Ka6 1/2-1/2

[Event "HUN-chT2 Maroczy 1314"]
[Site "Hungary"]
[Date "2014.04.27"]
[Round "11"]
[White "Teglas, Balazs"]
[Black "Restas, Peter"]
[Result "0-1"]
[WhiteElo "2209"]
[BlackElo "2167"]
[PlyCount "50"]
[EventDate "2013.09.08"]
[EventType "team-tourn"]
[EventRounds "11"]
[EventCountry "HUN"]
[SourceTitle "EXT 2016"]
[Source "ChessBase"]
[SourceDate "2015.10.08"]
[SourceVersion "1"]
[SourceVersionDate "2015.10.08"]
[SourceQuality "1"]
[WhiteTeam "Lila Futo"]
[BlackTeam "Mako II"]
[WhiteTeamCountry "HUN"]
[BlackTeamCountry "HUN"]

1. d4 Nf6 2. Bf4 c5 3. e3 Qb6 4. Nc3 d6 5. Nf3 Nh5 6. Nd5 Qd8 7. dxc5 Nxf4 8. exf4 dxc5 9. Bc4 e6 10. Qe2 Bd6 11. Rd1 0-0 12. Nc3 Qc7 13. g3 a6 14. 0-0 Nc6 15. Ne4 Be7 16. c3 b5 17. Bd3 g6 18. h4 e5 19. fxe5 Nxe5 20. Nxe5 Qxe5 21. Rfe1 c4 22. Bc2 Be6 23. Ng5 Qxe2 24. Rxe2 Bxg5 25. hxg5 Bg4 0-1

[Event "HUN-chT2 Maroczy 1314"]
[Site "Hungary"]
[Date "2014.04.13"]
[Round "10"]
[White "Havasi, Janos"]
[Black "Restas, Peter"]
[Result "0-1"]
[WhiteElo "2187"]
[BlackElo "2167"]
[PlyCount "54"]
[EventDate "2013.09.08"]
[EventType "team-tourn"]
[EventRounds "11"]
[EventCountry "HUN"]
[SourceTitle "EXT 2016"]
[Source "ChessBase"]
[SourceDate "2015.10.08"]
[SourceVersion "1"]
[SourceVersionDate "2015.10.08"]
[SourceQuality "1"]
[WhiteTeam "Budapest Vasas"]
[BlackTeam "Mako II"]
[WhiteTeamCountry "HUN"]
[BlackTeamCountry "HUN"]

1. e4 c5 2. Nc3 Nc6 3. g3 g6 4. Bg2 Bg7 5. d3 e6 6. Be3 Nd4 7. Qd2 Qa5 8. Nh3 Ne7 9. 0-0 h6 10. f4 d6 11. Nf2 Bd7 12. a3 Rc8 13. Rae1 b5 14. Qd1 b4 15. Nb1 0-0 16. Bd2 Qa6 17. g4 f5 18. gxf5 gxf5 19. Kh1 Ba4 20. b3 Be8 21. a4 Ng6 22. Nh3 Nh4 23. Rg1 Qb7 24. Re3 Bc6 25. Be1 Nxg2 26. Rxg2 fxe4 27. Kg1 exd3 0-1